Transport & Logistics
Saved in:
| Format: | Serial |
|---|---|
| Published: |
2010
|
| Tags: |
No Tags, Be the first to tag this record!
|
MARC
| LEADER | 00000nas a22000003a 4500 | ||
|---|---|---|---|
| 001 | stu211988 | ||
| 005 | 20141123114131.6 | ||
| 008 | 101001s2010----------------------------d | ||
| 040 | |a STU |b slo | ||
| 041 | 0 | ||
| 245 | |a Transport & Logistics | ||
| 260 | |c 2010 | ||
| 773 | 0 | |t Transport & Logistics : |w stu_us_cat*stu133036 |x 1451-107X |7 nnas | |
| 996 | |b 284M078740 |c M*CD-1881 |d Mimoriadne číslo 7/2010, 2010 |v Mimoriadne číslo 7/2010 |y 2010 |l MMKN |s A |a 24 |w stu211988_0001 | ||